00445nam a2200145Ia 4500008004100000020001800041082001500059100001600074245002800090260001200118500001600130942000700146952013100153999001500284260604s9999 xx 000 0 und d a9780143440055 a823.92 MUR aSudha murty 0aThree Thousand Stitches bPenguin aSudha murty cBK 00104070aIIMVbIIMVcGENERALd2026-06-04g1299.00l0o823.92 MURp004348r2026-06-04 10:21:24v1299.00w2026-06-04yBKBMUR c8730d8730